| 000 | 00784cam a2200265 i 4500 | ||
|---|---|---|---|
| 001 | 13221053 | ||
| 003 | EG-ScBUE | ||
| 005 | 20240911094057.0 | ||
| 008 | 030602t2004 flu f b 001 0 eng d | ||
| 020 | _a1584882557 (alk. paper) | ||
| 020 | _a9781584882558 | ||
| 040 |
_aDLC _beng _erda _cDLC _dDLC _dEG-ScBUE |
||
| 082 | 0 | 4 |
_a511.3 _222 _bLAW |
| 100 | 1 |
_aLawson, Mark V., _eauthor. _938931 |
|
| 245 | 1 | 0 |
_aFinite automata / _cMark V. Lawson. |
| 264 | 1 |
_aBoca Raton : _bChapman & Hall / CRC, _c[2004] |
|
| 264 | 4 | _cc2004 | |
| 300 |
_axii, 307 pages : _c24 cm |
||
| 504 | _aIncludes bibliographical references and index. | ||
| 650 | 7 |
_aMachine theory. _2BUEsh _93450 |
|
| 651 | _2BUEsh | ||
| 653 |
_bCOMSCI _cJuly2015 _cDecember2015 |
||
| 655 | _vReading book | ||
| 942 |
_2ddc _cBB |
||
| 999 |
_c20287 _d20259 |
||